Manual de derecho civil (Registro nro. 5946)

Detalles MARC
000 -LEADER
fixed length control field 01153 a2200205 4500
001 - CONTROL NUMBER
control field 55413
005 - DATE AND TIME OF LATEST TRANSACTION
control field 20260407155828.0
008 - FIXED-LENGTH DATA ELEMENTS--GENERAL INFORMATION
fixed length control field 260407a1969 arg spa d
003 - CONTROL NUMBER IDENTIFIER
control field AR-UNSa-BCEJYS
040 ## - CATALOGING SOURCE
Original cataloging agency AR-UNSa-BCEJYS
Language of cataloging spa
Transcribing agency AR-UNSa-BCEJYS
080 ## - UNIVERSAL DECIMAL CLASSIFICATION NUMBER
Universal Decimal Classification number 347
Common auxiliary subdivision Derecho Civil
041 ## - LANGUAGE CODE
Language code of text/sound track or separate title spa
100 1# - MAIN ENTRY--PERSONAL NAME
Personal name Borda, Guillermo A.
245 10 - TITLE STATEMENT
Title Manual de derecho civil
Name of part/section of a work parte general
264 #1 - PRODUCTION, PUBLICATION, DISTRIBUTION, MANUFACTURE, AND COPYRIGHT NOTICE
Place of production, publication, distribution, manufacture Buenos Aires :
Name of producer, publisher, distributor, manufacturer Perrot
Date of production, publication, distribution, manufacture, or copyright notice 1969
300 ## - PHYSICAL DESCRIPTION
Extent 596 p.
Dimensions 22 cm.
505 ## - FORMATTED CONTENTS NOTE
Formatted contents note 1. El derecho – 2. Fuentes del derecho civil – 3. El Código Civil Argentino – 4. Efectos de la ley con relación al tiempo – 5. Interpretación y aplicación de la ley – 6. Principio y fin de la existencia de las personas naturales – 7. Atributos de la personalidad – 8. Los incapaces – 9. Personas jurídicas – 10. El patrimonio – 11. Teoría general de los hechos y actos jurídicos – 12. Forma de los actos jurídicos – 13. Modalidades de los actos jurídicos – 14. Vicios de los actos jurídicos – 15. Nulidad de los actos jurídicos – 16. Extinción de las relaciones jurídicas
590 ## - LOCAL NOTE (RLIN)
Local note niveau_biblio:m niveau_hierar:0
942 ## - ADDED ENTRY ELEMENTS (KOHA)
Koha item type
Existencias
Withdrawn status Lost status Damaged status Not for loan Home library Current library Shelving location Date acquired Total checkouts Full call number Barcode Date last seen Price effective from Koha item type
        Biblioteca Prof. Eusebio Cleto del Rey Biblioteca Prof. Eusebio Cleto del Rey   07/04/2026   347 B727m 5ed. L22835 07/04/2026 07/04/2026 Libro
        Biblioteca Prof. Eusebio Cleto del Rey Biblioteca Prof. Eusebio Cleto del Rey   07/04/2026   347 B727m 7ed. L26856 07/04/2026 07/04/2026 Libro
        Biblioteca Prof. Eusebio Cleto del Rey Biblioteca Prof. Eusebio Cleto del Rey   07/04/2026   347 B727m 10ed. L21684 07/04/2026 07/04/2026 Libro